| 000 | 00603cam a2200241ua 4500 | ||
|---|---|---|---|
| 020 | _cRs 4.00 | ||
| 041 |
_aeng _h |
||
| 082 |
_a530.4 _bGOV/TE |
||
| 100 | _aGovinda Rajan, S R. | ||
| 245 |
_aText book of properties of matter / _cS R Govinda Rajan. _hTextual Documents |
||
| 250 |
_a1 / _b. |
||
| 260 |
_aChennai : _bThe National Publishing Co , _c1963. |
||
| 300 | _a239 ; . | ||
| 365 | _aRs 4.00 | ||
| 504 | _a | ||
| 700 | 1 | _aMurugaiyan, T. | |
| 942 | _cBK | ||
| 999 |
_c274 _d274 |
||